[Event "42. Torneo Capablanca In Memoriam-Open"]
[Site "La Habana CUB"]
[Date "2007.05.18"]
[Round "1.1"]
[White "Otero, Diasmany"]
[Black "Hernandez Carmenates, Holden"]
[Result "0-1"]
[WhiteElo "2366"]
[BlackElo "2541"]
[PlyCount "108"]
[EventDate "2007.05.18"]
[EventType "swiss"]
[EventRounds "9"]
[EventCountry "CUB"]
[Source "lmi"]
[SourceDate "2007.05.18"]

1. d4 Nf6 2. c4 e6 3. Nc3 Bb4 4. e3 O-O 5. Nge2 Re8 6. a3 Bf8 7. e4 d5 8. e5
Nfd7 9. c5 b6 10. b4 a5 11. Be3 axb4 12. axb4 Rxa1 13. Qxa1 bxc5 14. bxc5 Bb7
15. Nb5 Nc6 16. Nc1 f6 17. f4 fxe5 18. fxe5 Qh4+ 19. Bf2 Qe4+ 20. Be2 Qxg2 21.
Rg1 Qxh2 22. Nxc7 Re7 23. Nb5 Rf7 24. Rf1 Be7 25. Nd3 Bh4 26. Bxh4 Rxf1+ 27.
Bxf1 Qxh4+ 28. Kd2 Ndb8 29. Qe1 Qd8 30. Bh3 Bc8 31. Ke3 Qg5+ 32. Kf3 Ba6 33.
Bxe6+ Kf8 34. Qe3 Qh5+ 35. Bg4 Qf7+ 36. Kg3 Bxb5 37. Nf4 Bc4 38. Be6 Qe7 39.
Bxd5 Qg5+ 40. Kf3 Bxd5+ 41. Nxd5 Qf5+ 42. Kg3 h5 43. Nf4 Nd7 44. Qf3 h4+ 45.
Kxh4 g5+ 46. Kg3 Nxd4 47. Qh5 Kg7 48. Nh3 Qxe5+ 49. Kg2 Ne6 50. c6 Nf6 51. Qd1
g4 52. Nf2 Nf4+ 53. Kf1 g3 54. c7 Qe3 0-1

[Event "42. Torneo Capablanca In Memoriam-Open"]
[Site "La Habana CUB"]
[Date "2007.05.18"]
[Round "1.2"]
[White "Horvath, Csaba"]
[Black "Alonso Moyano, Jonathan"]
[Result "1-0"]
[WhiteElo "2538"]
[BlackElo "2365"]
[PlyCount "109"]
[EventDate "2007.05.18"]
[EventType "swiss"]
[EventRounds "9"]
[EventCountry "CUB"]
[Source "lmi"]
[SourceDate "2007.05.18"]

1. d4 f5 2. e4 fxe4 3. Nc3 Nf6 4. Bg5 c6 5. f3 d5 6. fxe4 dxe4 7. Bc4 Nbd7 8.
Bb3 Nb6 9. Nge2 Bf5 10. O-O Qd7 11. Ng3 Bg4 12. Qe1 Qxd4+ 13. Be3 Qe5 14. Ngxe4
O-O-O 15. Ng5 Bh5 16. Rf5 Qd6 17. Ne6 Bg4 18. Nxd8 Kxd8 19. Rf4 Bd7 20. Rd1 Qc7
21. Be6 Kc8 22. Rfd4 Qe5 23. Bxd7+ Nbxd7 24. Qd2 Qc7 25. Rd3 e5 26. Qf2 Bb4 27.
Qf5 Bxc3 28. Rxc3 Rf8 29. Bc5 Re8 30. b4 e4 31. Be3 Qe5 32. Qxe5 Rxe5 33. Bd4
Rd5 34. Kf1 a6 35. Ke2 Rg5 36. Rg3 Rxg3 37. hxg3 Kc7 38. c4 b6 39. Ke3 c5 40.
bxc5 bxc5 41. Bxf6 Nxf6 42. Kf4 Kb6 43. Rb1+ Kc6 44. g4 Ne8 45. Kxe4 Nd6+ 46.
Kd3 Nf7 47. Re1 Kd6 48. Ke4 Kc6 49. Rf1 Nd6+ 50. Kd3 Kd7 51. Rh1 h6 52. Rh5 Kc6
53. g5 Nf7 54. gxh6 gxh6 55. Rf5 1-0

[Event "42. Torneo Capablanca In Memoriam-Open"]
[Site "La Habana CUB"]
[Date "2007.05.18"]
[Round "1.3"]
[White "Leyva Proenza, Ricardo"]
[Black "Cordova, Emilio"]
[Result "1-0"]
[WhiteElo "2360"]
[BlackElo "2507"]
[PlyCount "95"]
[EventDate "2007.05.18"]
[EventType "swiss"]
[EventRounds "9"]
[EventCountry "CUB"]
[Source "lmi"]
[SourceDate "2007.05.18"]

1. e4 c5 2. Nf3 Nc6 3. d4 cxd4 4. Nxd4 Nf6 5. Nc3 e5 6. Ndb5 d6 7. a4 a6 8. Na3
Be6 9. Bc4 Rc8 10. O-O Be7 11. Bg5 Nd4 12. Bxf6 gxf6 13. Nd5 Rg8 14. Kh1 Bg4
15. f3 Bh5 16. c3 Ne6 17. Ba2 Bf8 18. Nc4 Bg6 19. a5 f5 20. Qa4+ Rc6 21. Nb4
fxe4 22. Nxc6 Qd7 23. N4xe5 dxe5 24. Bxe6 Qxc6 25. Bd5 Qxa4 26. Rxa4 e3 27. Re1
Bh6 28. Bxb7 Bd3 29. Be4 Bb5 30. Rb4 Bf8 31. Rxb5 axb5 32. Rxe3 Bc5 33. Rd3 Ke7
34. b4 Ba7 35. Bxh7 Rd8 36. Rxd8 Kxd8 37. Bd3 Be3 38. Bxb5 Bd2 39. Bc4 f6 40.
Bd5 Bxc3 41. a6 Bd4 42. h4 Ke7 43. g4 Be3 44. Kg2 Kd6 45. Be4 Kc7 46. Kf1 Kb6
47. Ke2 Bf4 48. Bd3 1-0

[Event "42. Torneo Capablanca In Memoriam-Open"]
[Site "La Habana CUB"]
[Date "2007.05.18"]
[Round "1.5"]
[White "Soto Paez, Oliver"]
[Black "Zambrana, Oswaldo"]
[Result "1-0"]
[WhiteElo "2350"]
[BlackElo "2495"]
[PlyCount "93"]
[EventDate "2007.05.18"]
[EventType "swiss"]
[EventRounds "9"]
[EventCountry "CUB"]
[Source "lmi"]
[SourceDate "2007.05.18"]

1. e4 c5 2. Nf3 d6 3. d4 cxd4 4. Nxd4 Nf6 5. Nc3 a6 6. Be3 e5 7. Nb3 Be6 8. f3
Be7 9. Qd2 Qc7 10. O-O-O O-O 11. g4 Rc8 12. g5 Nh5 13. Qf2 Nc6 14. h4 b5 15.
Kb1 Nf4 16. Nd5 Qb7 17. Bxf4 exf4 18. Nxf4 Bxb3 19. cxb3 Bd8 20. Bh3 Rcb8 21.
Rxd6 Bc7 22. Rd7 Ne5 23. Rd5 a5 24. Nd3 Nxd3 25. Rxd3 a4 26. b4 a3 27. bxa3 Rd8
28. Rhd1 Rxd3 29. Rxd3 Bb6 30. Qc2 Rf8 31. h5 Qb8 32. h6 Qg3 33. Qc3 Qxg5 34.
Qxg7+ Qxg7 35. hxg7 Rd8 36. Rxd8+ Bxd8 37. Bd7 Kxg7 38. Bxb5 Kf6 39. Kc2 Ke5
40. Kd3 Kf4 41. Be8 f5 42. exf5 Kxf3 43. a4 Kf4 44. a5 Kxf5 45. a6 Bb6 46. a4
Ke5 47. a5 1-0

[Event "42. Torneo Capablanca In Memoriam-Open"]
[Site "La Habana CUB"]
[Date "2007.05.18"]
[Round "1.6"]
[White "Gonzalez Vidal, Yuri"]
[Black "Morales, Pedro"]
[Result "1/2-1/2"]
[WhiteElo "2493"]
[BlackElo "2340"]
[PlyCount "92"]
[EventDate "2007.05.18"]
[EventType "swiss"]
[EventRounds "9"]
[EventCountry "CUB"]
[Source "lmi"]
[SourceDate "2007.05.18"]

1. d4 Nf6 2. c4 g6 3. Nc3 Bg7 4. e4 d6 5. Nf3 O-O 6. h3 e5 7. d5 Nbd7 8. Bg5 h6
9. Be3 Nc5 10. Nd2 a5 11. g4 Bd7 12. Be2 Ne8 13. h4 a4 14. h5 g5 15. O-O Nf6
16. f3 Kh8 17. b4 axb3 18. axb3 Na6 19. Qb1 c5 20. Qb2 Qb6 21. Na2 Nb4 22. Rfb1
Ra6 23. Nxb4 Qxb4 24. Rxa6 bxa6 25. Ra1 Ra8 26. Nf1 Ne8 27. Bd2 Qb7 28. Ne3 Bf6
29. Kg2 Kg8 30. Bd1 Bd8 31. Bc2 Ng7 32. Nd1 a5 33. Qc1 Ra7 34. Bc3 f6 35. Qd2
Qa8 36. Nb2 Ne8 37. Nd3 Bc8 38. Nb2 Bd7 39. Qe1 Qb7 40. Ra2 Qa8 41. Kg3 Bb6 42.
Na4 Bd8 43. Qa1 Bxa4 44. Rxa4 Bb6 45. Bd1 Kf8 46. Bc2 Kg8 1/2-1/2

[Event "42. Torneo Capablanca In Memoriam-Open"]
[Site "La Habana CUB"]
[Date "2007.05.18"]
[Round "1.7"]
[White "Arribas Robaina, Maritza"]
[Black "Almeida Quintana, Omar"]
[Result "1/2-1/2"]
[WhiteElo "2335"]
[BlackElo "2488"]
[PlyCount "108"]
[EventDate "2007.05.18"]
[EventType "swiss"]
[EventRounds "9"]
[EventCountry "CUB"]
[Source "lmi"]
[SourceDate "2007.05.18"]

1. e4 c5 2. Nf3 Nc6 3. Bb5 e6 4. O-O Nge7 5. Re1 a6 6. Bf1 d5 7. exd5 Qxd5 8.
Nc3 Qd8 9. d3 Nf5 10. Bf4 Be7 11. h3 O-O 12. Ne4 b6 13. Ne5 Bb7 14. a4 Nxe5 15.
Bxe5 f6 16. Bc3 e5 17. b3 Qc7 18. Ra2 Nd4 19. Ba1 Rad8 20. Ng3 f5 21. Qh5 g6
22. Qd1 Bf6 23. c3 Ne6 24. b4 cxb4 25. Qb3 Bd5 26. c4 Nc5 27. Qxb4 a5 28. Qb1
Bc6 29. Qc2 Rfe8 30. f4 Ne6 31. Bxe5 Bxe5 32. fxe5 Nd4 33. Qf2 Rxe5 34. Rxe5
Qxe5 35. Ne2 Qc5 36. Nxd4 Rxd4 37. Kh1 g5 38. Qe3 Rf4 39. Qxc5 bxc5 40. Kg1 Rd4
41. Rb2 Rd8 42. Rb6 Rc8 43. Ra6 Bxa4 44. Rxa5 Bd7 45. Ra7 Be6 46. Kf2 f4 47.
Be2 Bf5 48. Re7 h6 49. Re5 Bg6 50. h4 gxh4 51. Kf3 Rd8 52. Rxc5 Bxd3 53. Bxd3
Rxd3+ 54. Kxf4 Rg3 1/2-1/2

[Event "42. Torneo Capablanca In Memoriam-Open"]
[Site "La Habana CUB"]
[Date "2007.05.18"]
[Round "1.8"]
[White "Vera Gonzalez-Quevedo, Reynaldo"]
[Black "Cabrera Trujillo, Jorge"]
[Result "1/2-1/2"]
[WhiteElo "2481"]
[BlackElo "2334"]
[PlyCount "57"]
[EventDate "2007.05.18"]
[EventType "swiss"]
[EventRounds "9"]
[EventCountry "CUB"]
[Source "lmi"]
[SourceDate "2007.05.18"]

1. d4 Nf6 2. c4 g6 3. Nc3 Bg7 4. e4 O-O 5. Be2 d6 6. Nf3 e5 7. O-O Nc6 8. d5
Ne7 9. b4 Nh5 10. Re1 f5 11. Ng5 Nf6 12. Bf3 c6 13. Be3 h6 14. Ne6 Bxe6 15.
dxe6 fxe4 16. Nxe4 Nxe4 17. Bxe4 d5 18. cxd5 cxd5 19. Bc5 dxe4 20. Qxd8 Rfxd8
21. Bxe7 Re8 22. Bc5 Rxe6 23. Rxe4 Rd8 24. Bxa7 Ra6 25. Be3 Rxa2 26. Rc1 Rc2
27. Ra1 Ra2 28. Rc1 Rc2 29. Ra1 1/2-1/2

[Event "42. Torneo Capablanca In Memoriam-Open"]
[Site "La Habana CUB"]
[Date "2007.05.18"]
[Round "1.9"]
[White "Gomez, Felix"]
[Black "Corrales Jimenez, Fidel"]
[Result "1-0"]
[WhiteElo "2329"]
[BlackElo "2479"]
[PlyCount "57"]
[EventDate "2007.05.18"]
[EventType "swiss"]
[EventRounds "9"]
[EventCountry "CUB"]
[Source "lmi"]
[SourceDate "2007.05.18"]

1. d4 Nf6 2. Nf3 e6 3. e3 c5 4. Bd3 b5 5. c3 c4 6. Bc2 b4 7. O-O Qa5 8. cxb4
Bxb4 9. e4 Ba6 10. a3 Be7 11. Nc3 h6 12. Re1 O-O 13. Bd2 Qc7 14. Qc1 Ne8 15. e5
Bb7 16. d5 Bxd5 17. Nxd5 exd5 18. Bxh6 Nc6 19. Bg5 Qd8 20. Qf4 g6 21. Qh4 Ng7
22. Rad1 Rb8 23. Rxd5 Rxb2 24. Be4 Re8 25. Qh6 Qb6 26. Rf1 Re2 27. Bf6 Bxf6 28.
exf6 Ne6 29. Rh5 1-0

[Event "42. Torneo Capablanca In Memoriam-Open"]
[Site "La Habana CUB"]
[Date "2007.05.18"]
[Round "1.10"]
[White "De La Paz Perdomo, Frank"]
[Black "Sariego, Wilfredo"]
[Result "1-0"]
[WhiteElo "2474"]
[BlackElo "2328"]
[PlyCount "51"]
[EventDate "2007.05.18"]
[EventType "swiss"]
[EventRounds "9"]
[EventCountry "CUB"]
[Source "lmi"]
[SourceDate "2007.05.18"]

1. e4 c5 2. Nf3 d6 3. d4 cxd4 4. Nxd4 Nf6 5. Nc3 Nc6 6. Bg5 e6 7. Qd2 Be7 8.
O-O-O O-O 9. f3 Qb6 10. Be3 Qc7 11. g4 a6 12. g5 Nd7 13. h4 b5 14. h5 Nxd4 15.
Qxd4 b4 16. h6 gxh6 17. gxh6 Bf6 18. Qxb4 d5 19. exd5 Rb8 20. d6 Qd8 21. Qf4
Kh8 22. Bd3 Re8 23. Rhg1 Ne5 24. Be4 Nc4 25. d7 Bxd7 26. Rxd7 1-0

[Event "42. Torneo Capablanca In Memoriam-Open"]
[Site "La Habana CUB"]
[Date "2007.05.18"]
[Round "1.11"]
[White "Ibarra Chami, Luis"]
[Black "Fernandez Garcia, Jose Luis"]
[Result "0-1"]
[WhiteElo "2325"]
[BlackElo "2467"]
[PlyCount "80"]
[EventDate "2007.05.18"]
[EventType "swiss"]
[EventRounds "9"]
[EventCountry "CUB"]
[Source "lmi"]
[SourceDate "2007.05.18"]

1. e4 Nf6 2. e5 Nd5 3. d4 d6 4. Nf3 Bg4 5. Be2 c6 6. O-O Bxf3 7. Bxf3 dxe5 8.
dxe5 e6 9. Qe2 Nd7 10. c4 Ne7 11. Bd2 Ng6 12. Bc3 Qc7 13. Re1 O-O-O 14. b4 Be7
15. a4 Ndxe5 16. Na3 Nxf3+ 17. Qxf3 Qf4 18. Qe2 Bf6 19. g3 Qf5 20. Bxf6 gxf6
21. Qe3 Ne5 22. Red1 Qf3 23. Qxf3 Nxf3+ 24. Kg2 Nd2 25. c5 Rd5 26. Ra2 Rhd8 27.
Rb2 f5 28. Rc1 Rd3 29. Nc4 Nxc4 30. Rxc4 R8d4 31. Rxd4 Rxd4 32. f4 Kd7 33. Kf3
Rd3+ 34. Ke2 Ra3 35. a5 Ke7 36. Kf2 a6 37. Kg2 Kf6 38. Rd2 Rb3 39. Rd4 Rb2+ 40.
Kf3 Ke7 0-1

[Event "42. Torneo Capablanca In Memoriam-Open"]
[Site "La Habana CUB"]
[Date "2007.05.18"]
[Round "1.12"]
[White "Siebrecht, Sebastian"]
[Black "Diaz Diaz, Joaquin Carlos"]
[Result "0-1"]
[WhiteElo "2464"]
[BlackElo "2323"]
[PlyCount "46"]
[EventDate "2007.05.18"]
[EventType "swiss"]
[EventRounds "9"]
[EventCountry "CUB"]
[Source "lmi"]
[SourceDate "2007.05.18"]

1. d4 d5 2. Nf3 Nf6 3. c4 e6 4. Nc3 Be7 5. Bg5 h6 6. Bh4 O-O 7. e3 b6 8. Rc1
Bb7 9. Bxf6 Bxf6 10. cxd5 exd5 11. Be2 Nd7 12. O-O c6 13. b4 a5 14. b5 c5 15.
dxc5 Nxc5 16. Nd4 Bxd4 17. Qxd4 Ne6 18. Qg4 Rc8 19. Rfd1 Qd6 20. Qa4 Qe5 21.
Qa3 d4 22. Na4 Nf4 23. Bf1 Nh3+ 0-1

[Event "42. Torneo Capablanca In Memoriam-Open"]
[Site "La Habana CUB"]
[Date "2007.05.18"]
[Round "1.13"]
[White "Piña Vega, Sulennis"]
[Black "Colovic, Aleksandar"]
[Result "1/2-1/2"]
[WhiteElo "2322"]
[BlackElo "2463"]
[PlyCount "137"]
[EventDate "2007.05.18"]
[EventType "swiss"]
[EventRounds "9"]
[EventCountry "CUB"]
[Source "lmi"]
[SourceDate "2007.05.18"]

1. e4 c5 2. Nf3 d6 3. d4 cxd4 4. Nxd4 Nf6 5. Nc3 a6 6. f4 Qc7 7. Bd3 g6 8. Nf3
Nbd7 9. O-O Bg7 10. Kh1 O-O 11. Qe1 e6 12. Bd2 Nc5 13. Qh4 b5 14. a3 Bb7 15. f5
exf5 16. exf5 Rae8 17. Bg5 Ncd7 18. Rad1 Qc5 19. Rd2 d5 20. Bh6 Nh5 21. Bxg7
Kxg7 22. Nd4 Qe7 23. Qxe7 Rxe7 24. g4 Nhf6 25. g5 Nh5 26. f6+ Ndxf6 27. gxf6+
Nxf6 28. Rg2 Rd7 29. Nce2 Ne4 30. Nf4 Kh8 31. Kg1 Rc8 32. c3 Rd6 33. h4 Re8 34.
Bb1 Bc8 35. Ba2 Bb7 36. Rd1 Re5 37. Nd3 Rh5 38. Rh2 Rf6 39. Rf1 Rxf1+ 40. Kxf1
Kg7 41. Kg1 Nd6 42. Bb3 Nc4 43. Bd1 Rh6 44. Bf3 Nd6 45. Nc5 Bc8 46. h5 gxh5 47.
Bxd5 h4 48. Nd3 h3 49. Rf2 Rh5 50. Nf4 Rg5+ 51. Kh2 Bg4 52. Bf3 h5 53. Nxh3 Re5
54. Re2 Rxe2+ 55. Bxe2 Bxe2 56. Nxe2 Nc4 57. b3 Nxa3 58. Kg3 a5 59. Nhf4 Kf6
60. Nxh5+ Ke5 61. Kf3 Nc2 62. Nhf4 a4 63. Nd3+ Kd6 64. bxa4 bxa4 65. Ke4 f5+
66. Kxf5 Kd5 67. Nec1 Kc4 68. Nb2+ Kxc3 69. Nxa4+ 1/2-1/2

[Event "42. Torneo Capablanca In Memoriam-Open"]
[Site "La Habana CUB"]
[Date "2007.05.18"]
[Round "1.14"]
[White "Rasmussen, Karsten"]
[Black "Ruiz, Orlen"]
[Result "1-0"]
[WhiteElo "2462"]
[BlackElo "2321"]
[PlyCount "51"]
[EventDate "2007.05.18"]
[EventType "swiss"]
[EventRounds "9"]
[EventCountry "CUB"]
[Source "lmi"]
[SourceDate "2007.05.18"]

1. c4 Nf6 2. Nc3 c6 3. e4 d6 4. d4 Nbd7 5. g3 e5 6. Nge2 Be7 7. Bg2 O-O 8. O-O
a6 9. a4 a5 10. h3 Re8 11. Be3 exd4 12. Nxd4 Nc5 13. Qc2 Bf8 14. Rad1 Qb6 15.
Rfe1 g6 16. f4 Bg7 17. Bf2 Nh5 18. Nde2 Qb4 19. Rxd6 Nxa4 20. e5 Nxc3 21. bxc3
Qxc4 22. Rd4 Qb5 23. g4 c5 24. Rd5 Nxf4 25. Nxf4 b6 26. Rd6 1-0

[Event "42. Torneo Capablanca In Memoriam-Open"]
[Site "La Habana CUB"]
[Date "2007.05.18"]
[Round "1.15"]
[White "Hevia, Alejano Carlos A"]
[Black "Perez Rodriguez, Luis Manuel"]
[Result "0-1"]
[WhiteElo "2315"]
[BlackElo "2455"]
[PlyCount "80"]
[EventDate "2007.05.18"]
[EventType "swiss"]
[EventRounds "9"]
[EventCountry "CUB"]
[Source "lmi"]
[SourceDate "2007.05.18"]

1. e4 e5 2. Nf3 Nc6 3. Bb5 a6 4. Ba4 Nf6 5. O-O Be7 6. Re1 b5 7. Bb3 O-O 8. h3
d5 9. exd5 Nxd5 10. Nxe5 Nxe5 11. Rxe5 Nb6 12. d3 c5 13. c3 Bd6 14. Re1 Bc7 15.
Nd2 Qd6 16. Nf1 Bb7 17. Be3 Rad8 18. Qh5 Qc6 19. f3 Nd5 20. Bg5 Rd6 21. Be7 Nf4
22. Qf5 Rg6 23. Bxf8 c4 24. Re7 Rf6 25. Qe4 Qc5+ 26. Qe3 Qg5 27. Qxf4 Bxf4 28.
Re8 Bc6 29. Rc8 h5 30. Be7+ Be8 31. Bxf6 gxf6 32. Rxe8+ Kg7 33. dxc4 bxc4 34.
Bd1 Bc7 35. Be2 Qb5 36. Re4 f5 37. Rxc4 Qxb2 38. Rxc7 Qb6+ 39. Kh1 Qxc7 40.
Bxa6 Qxc3 0-1

[Event "42. Torneo Capablanca In Memoriam-Open"]
[Site "La Habana CUB"]
[Date "2007.05.18"]
[Round "1.16"]
[White "Leon Hoyos, Manuel"]
[Black "Jimenez, Pedro A"]
[Result "1-0"]
[WhiteElo "2454"]
[BlackElo "2292"]
[PlyCount "75"]
[EventDate "2007.05.18"]
[EventType "swiss"]
[EventRounds "9"]
[EventCountry "CUB"]
[Source "lmi"]
[SourceDate "2007.05.18"]

1. d4 Nf6 2. c4 g6 3. Nf3 Bg7 4. g3 O-O 5. Bg2 d6 6. O-O Nc6 7. b3 Bg4 8. Bb2
Bxf3 9. Bxf3 Nd7 10. Bg2 Rb8 11. Qd2 e5 12. dxe5 Ndxe5 13. Nc3 Re8 14. Rac1 Nd7
15. Nd5 Nc5 16. Rfd1 a5 17. h3 Ne5 18. Rc2 c6 19. Nf4 Qe7 20. Qxa5 Ra8 21. Qe1
f5 22. b4 Na4 23. Ba1 Qf7 24. b5 Kh8 25. bxc6 bxc6 26. Rxd6 Nc5 27. Qd1 Ne4 28.
Rd4 g5 29. Nd3 Ng6 30. Nb4 Qf6 31. Rxe4 Qxa1 32. Rxe8+ Rxe8 33. Qxa1 Bxa1 34.
Nxc6 f4 35. g4 Nh4 36. Bd5 f3 37. Bxf3 Nxf3+ 38. exf3 1-0

[Event "42. Torneo Capablanca In Memoriam-Open"]
[Site "La Habana CUB"]
[Date "2007.05.18"]
[Round "1.17"]
[White "Marrero Lopez, Yaniet"]
[Black "Alvarez Pedraza, Aramis"]
[Result "0-1"]
[WhiteElo "2290"]
[BlackElo "2449"]
[PlyCount "118"]
[EventDate "2007.05.18"]
[EventType "swiss"]
[EventRounds "9"]
[EventCountry "CUB"]
[Source "lmi"]
[SourceDate "2007.05.18"]

1. e4 c5 2. Nf3 e6 3. d4 cxd4 4. Nxd4 a6 5. Bd3 Nc6 6. Nxc6 dxc6 7. O-O e5 8.
Nd2 Nf6 9. Nc4 Qc7 10. Bd2 b5 11. Ba5 Qb8 12. Nb6 Ra7 13. Nxc8 Qxc8 14. a4 Be7
15. Bc3 Qc7 16. axb5 cxb5 17. Qe2 Nd7 18. Qg4 O-O 19. Qg3 Re8 20. Ra2 Bc5 21.
Rfa1 Re6 22. Be2 Rg6 23. Qh3 Rf6 24. Be1 Nf8 25. b4 Bb6 26. c4 Bd4 27. Rc1 bxc4
28. Rxc4 Qb6 29. Bf1 Qb7 30. Bd3 Ra8 31. Rac2 Ne6 32. Rc6 h6 33. Qg4 Bb6 34. b5
axb5 35. Bxb5 Ra1 36. Rc1 Rxc1 37. Rxc1 Bxf2+ 38. Bxf2 Qxb5 39. Qd1 Kh7 40. Qc2
Nf4 41. Rb1 Qa6 42. Be3 Qe2 43. Qxe2 Nxe2+ 44. Kh1 Nc3 45. Re1 Nxe4 46. Kg1 Nd6
47. Bc5 Nc4 48. Re4 Rf1+ 49. Kxf1 Nd2+ 50. Ke2 Nxe4 51. Bb4 Kg6 52. Ke3 Nf6 53.
Bd6 Kf5 54. Bf8 g5 55. h3 h5 56. Bd6 Nd5+ 57. Kf2 Ke4 58. Bc5 f5 59. Ba7 Kd3
0-1

[Event "42. Torneo Capablanca In Memoriam-Open"]
[Site "La Habana CUB"]
[Date "2007.05.18"]
[Round "1.18"]
[White "Mateo, Ramon"]
[Black "Larduet Despaigne, Carlos"]
[Result "1-0"]
[WhiteElo "2448"]
[BlackElo "2286"]
[PlyCount "43"]
[EventDate "2007.05.18"]
[EventType "swiss"]
[EventRounds "9"]
[EventCountry "CUB"]
[Source "lmi"]
[SourceDate "2007.05.18"]

1. e4 e5 2. Nf3 Nc6 3. Bb5 a6 4. Ba4 Nf6 5. O-O Be7 6. Re1 b5 7. Bb3 d6 8. c3
O-O 9. h3 Nb8 10. d3 Nbd7 11. Nbd2 Re8 12. Bxf7+ Kh8 13. Bxe8 Qxe8 14. a4 Rb8
15. axb5 axb5 16. Nf1 Nc5 17. Be3 Ne6 18. Ng3 Nd7 19. d4 g6 20. Qd2 Bf6 21. Ng5
Nef8 22. f4 1-0

[Event "42. Torneo Capablanca In Memoriam-Open"]
[Site "La Habana CUB"]
[Date "2007.05.18"]
[Round "1.19"]
[White "Aguero, Luis Lazaro"]
[Black "Pozo Vera, Sandro"]
[Result "0-1"]
[WhiteElo "2263"]
[BlackElo "2448"]
[PlyCount "64"]
[EventDate "2007.05.18"]
[EventType "swiss"]
[EventRounds "9"]
[EventCountry "CUB"]
[Source "lmi"]
[SourceDate "2007.05.18"]

1. e4 c5 2. Nf3 Nc6 3. d4 cxd4 4. Nxd4 Nf6 5. Nc3 d6 6. Bg5 Bd7 7. Qd2 Rc8 8.
O-O-O Nxd4 9. Qxd4 Qa5 10. Bd2 e5 11. Qd3 a6 12. Kb1 Be6 13. Nd5 Qd8 14. Bg5
Bxd5 15. exd5 Be7 16. h4 O-O 17. Qf5 Rc5 18. h5 Qc8 19. Qf3 e4 20. Qg3 Qf5 21.
h6 g6 22. Be2 Rfc8 23. Rd2 Rxd5 24. Rxd5 Qxd5 25. Bg4 Nxg4 26. Bxe7 f5 27. Bxd6
e3 28. Rc1 exf2 29. Bf4 Re8 30. Qc3 Qf7 31. b3 Nf6 32. Be3 Nd5 0-1

[Event "42. Torneo Capablanca In Memoriam-Open"]
[Site "La Habana CUB"]
[Date "2007.05.18"]
[Round "1.20"]
[White "Prasca, Raphael"]
[Black "Ramon Pita, Vivian"]
[Result "1-0"]
[WhiteElo "2439"]
[BlackElo "2259"]
[PlyCount "149"]
[EventDate "2007.05.18"]
[EventType "swiss"]
[EventRounds "9"]
[EventCountry "CUB"]
[Source "lmi"]
[SourceDate "2007.05.18"]

1. e4 e5 2. Nf3 Nc6 3. d4 exd4 4. Nxd4 Nf6 5. Nxc6 bxc6 6. e5 Qe7 7. Qe2 Nd5 8.
c4 Nb6 9. Nc3 a5 10. f4 Ba6 11. b3 a4 12. Bd2 g6 13. Ne4 Bg7 14. Nf6+ Kf8 15.
Qe3 d6 16. Be2 Bb7 17. O-O Bxf6 18. exf6 Qxe3+ 19. Bxe3 Re8 20. Bxb6 cxb6 21.
Bg4 h5 22. Bh3 g5 23. fxg5 Rg8 24. Rad1 Rd8 25. bxa4 Rxg5 26. Rb1 Ba6 27. Rxb6
Bxc4 28. Rfb1 Kg8 29. Rxc6 Bxa2 30. Rb2 Bd5 31. Rc1 Be4 32. Rb5 Rg6 33. a5 Rxf6
34. a6 Ra8 35. Rg5+ Kf8 36. Bc8 Bd3 37. Bb7 Ra7 38. Ra1 d5 39. Rxd5 Bxa6 40.
Bxa6 Raxa6 41. Rxa6 Rxa6 42. Rxh5 Ra2 43. h4 Kg7 44. Kh2 Ra3 45. Rg5+ Kh7 46.
g3 Kh6 47. Kh3 Ra4 48. Rb5 Kg6 49. h5+ Kh6 50. Rf5 Kg7 51. g4 f6 52. Rb5 Ra1
53. Rb7+ Kh6 54. Kg3 Rf1 55. Rb5 Kg7 56. Rb4 Rg1+ 57. Kf2 Ra1 58. Kf3 Rf1+ 59.
Kg3 Rg1+ 60. Kf4 Rf1+ 61. Ke4 Kh6 62. Rb7 Rg1 63. Kf5 Rf1+ 64. Ke4 Rg1 65. Kf3
Rf1+ 66. Kg2 Ra1 67. Rf7 Ra6 68. Kf3 Kg5 69. Rg7+ Kh4 70. h6 Ra3+ 71. Kf4 Ra4+
72. Kf5 Ra5+ 73. Ke6 Ra6+ 74. Kf7 Ra7+ 75. Kg6 1-0

[Event "42. Torneo Capablanca In Memoriam-Open"]
[Site "La Habana CUB"]
[Date "2007.05.18"]
[Round "1.21"]
[White "Lebredo Zaragoitia, Gerardo"]
[Black "Perez Mitjans, Orelvis"]
[Result "1-0"]
[WhiteElo "2256"]
[BlackElo "2433"]
[PlyCount "63"]
[EventDate "2007.05.18"]
[EventType "swiss"]
[EventRounds "9"]
[EventCountry "CUB"]
[Source "lmi"]
[SourceDate "2007.05.18"]

1. d4 Nf6 2. c4 c5 3. d5 b5 4. cxb5 a6 5. b6 Qxb6 6. Nc3 g6 7. e4 d6 8. Nf3 Bg7
9. Nd2 O-O 10. Nc4 Qb7 11. Be2 Nbd7 12. O-O Nb6 13. Ne3 Rd8 14. a4 Rb8 15. Ra3
e6 16. Rb3 Qc7 17. a5 Nbd7 18. Rxb8 Qxb8 19. Nc4 exd5 20. exd5 Re8 21. Re1 Ne5
22. Nb6 Qc7 23. h3 Bb7 24. Bf1 Ned7 25. Rxe8+ Nxe8 26. Nxd7 Qxd7 27. Be3 Nc7
28. Qb3 Qc8 29. Bc4 Qa8 30. Qb6 Bxd5 31. Nxd5 Nxd5 32. Bxd5 1-0

[Event "42. Torneo Capablanca In Memoriam-Open"]
[Site "La Habana CUB"]
[Date "2007.05.18"]
[Round "1.22"]
[White "Baron Rodriguez, Jesus"]
[Black "Hernandez, Ramon"]
[Result "1-0"]
[WhiteElo "2431"]
[BlackElo "2252"]
[PlyCount "61"]
[EventDate "2007.05.18"]
[EventType "swiss"]
[EventRounds "9"]
[EventCountry "CUB"]
[Source "lmi"]
[SourceDate "2007.05.18"]

1. e4 c5 2. Nc3 Nc6 3. f4 g6 4. Nf3 Bg7 5. Bb5 Nd4 6. O-O e6 7. Nxd4 cxd4 8.
Ne2 Qb6 9. Bd3 Ne7 10. Rb1 d6 11. Qe1 O-O 12. Qh4 Nc6 13. b4 a5 14. b5 Nb4 15.
a4 f5 16. exf5 gxf5 17. Kh1 Nxd3 18. cxd3 Bd7 19. Ba3 Rf7 20. Ng3 Rc8 21. Nh5
Rc2 22. Rf3 Qc7 23. Rg3 Ra2 24. b6 Qxb6 25. Rg1 Rxa3 26. Qg5 Kh8 27. Nxg7 Rxd3
28. Rxd3 Rxg7 29. Qf6 Bc6 30. Rg3 Qc7 31. Qf8+ 1-0

[Event "42. Torneo Capablanca In Memoriam-Open"]
[Site "La Habana CUB"]
[Date "2007.05.18"]
[Round "1.23"]
[White "Guillen Ramirez, Jose Antonio"]
[Black "Gonzalez Perez, Arian"]
[Result "1/2-1/2"]
[WhiteElo "2246"]
[BlackElo "2430"]
[PlyCount "76"]
[EventDate "2007.05.18"]
[EventType "swiss"]
[EventRounds "9"]
[EventCountry "CUB"]
[Source "lmi"]
[SourceDate "2007.05.18"]

1. e4 c5 2. Nf3 Nc6 3. Bb5 d6 4. c3 Bd7 5. d4 Nf6 6. d5 Ne5 7. Bxd7+ Nfxd7 8.
O-O Nxf3+ 9. Qxf3 g6 10. c4 Bg7 11. Nc3 O-O 12. Bd2 Qc8 13. Rae1 b5 14. cxb5 a6
15. a4 Ne5 16. Qg3 c4 17. Qh4 Re8 18. Bh6 Bh8 19. f4 Qg4 20. Bg5 Qxh4 21. Bxh4
Nd3 22. Re2 axb5 23. axb5 Bd4+ 24. Kh1 f6 25. h3 Reb8 26. Bg3 Bxc3 27. bxc3
Rxb5 28. e5 dxe5 29. fxe5 f5 30. d6 e6 31. Bh4 Ra7 32. Bf6 h6 33. g4 f4 34. Re4
Rb2 35. Rxc4 Raa2 36. Rc8+ Kf7 37. Rc7+ Kg8 38. Rc8+ Kf7 1/2-1/2